Религия и демократия
| Weitere Verfasser: | |
|---|---|
| Sprache: | Russisch |
| Veröffentlicht: |
Москва, Прогресс, 1993
|
| Format: | MixedMaterials Buch |
| KOHA link: | https://koha.lib.tpu.ru/cgi-bin/koha/opac-detail.pl?biblionumber=19858 |
MARC
| LEADER | 00000nam0a2200000 4500 | ||
|---|---|---|---|
| 001 | 19858 | ||
| 005 | 20231030191850.0 | ||
| 010 | |a 5010036460 | ||
| 035 | |a (RuTPU)RU\TPU\book\20028 | ||
| 035 | |a BOOK00004717 | ||
| 090 | |a 19858 | ||
| 100 | |a 20011209d1993 k y0rusy50 ca | ||
| 101 | 0 | |a rus | |
| 102 | |a RU | ||
| 105 | |a y z 000zy | ||
| 200 | 1 | |a Религия и демократия |f сост. А. Р. Бессмертный | |
| 210 | |a Москва |c Прогресс |c Культура |d 1993 | ||
| 702 | 1 | |a Бессмертный |b А. Р. |4 220 | |
| 801 | 0 | |a RU |b 63413507 |c 20011209 |g PSBO | |
| 801 | 2 | |a RU |b 63413507 |c 20150119 |g PSBO | |
| 942 | |c BK | ||